000 00778nam a2200205Ia 4500
003 GCL
008 140319s9999 xx 000 0 ara d
020 _a627409960
040 _aGCL /
_cGCL
082 0 4 _a953.023
_bس ا
100 1 _aسامى بن عبدالله بن احمد المغلوث
245 1 0 _aاطلس الخليفة عمر بن الخطاب رضى الله عنه /
_cسامى بن عبدالله بن احمد المغلوث
250 _aالاولى
260 _aالرياض :
_bمكتبة العبيكان ،
_c2005
300 _a350 ص ؛
_c32 سم
490 _aسلسلة اطلس تاريخ الخلفاء الراشدين
_v2
650 0 4 _aعمر بن الخطاب
650 0 4 _aالصحابة والتابعون - تراجم
942 _2ddc
_cBK
999 _c7925
_d7925